000 00914nam a22002417a 4500
008 130821s2011 mx a gr spa
020 _a9789681680794
040 _aCO-BoUCM
_bspa
_cAngélica Chartano (modificó)
_dAldemar Mondragón
041 0 0 _aspa
100 1 _aBrowne, Anthony
_d1946-
_937185
245 1 0 _aRamón preocupón
_cAnthony Browne ; traducción de Teresa Mlawer
260 _aMéxico D.F. (México)
_bFondo de Cultura Económica
_c2011
300 _a32 páginas
_bilustraciones a color
490 0 _aLos Especiales de A la Orilla del Viento
650 7 _aCuentos infantiles ingleses
_912288
650 7 _aLibros ilustrados para niños
_918516
650 7 _aLiteratura infantil
_918680
690 _aLiteratura europea
700 1 _aMlawer, Teresa
_etraductor
_938048
765 _tSilly Billy
942 _cLIBRO
_a18
_e1
_mB882r
_2DEWEY
_h828.914
_n0
999 _c166471
_d166471